zpět

Detail výsledku týmu

Kozlovka, Hradec Králové

Datum a čas kvízu

38 Celkem bodů Celkový počet nahraných bodů na tomto kvízu bez doplňovacích otázek.
4. Pořadí na kvízu Konečné umístění týmu na tomto kvízu.

Zaznamenané odpovědi

# Otázka Odpověď Body Výsledky
1. Předvolební superdebatu v Česk... Matylda 0
2. Tisíce lidí se v neděli v podv... V Polsku. 1
3. Na výstavě EXPO v Dubaji byla... David, Michelangelo (Buonarotti) 1
4. Společnost Blue Origin Jeffa B... James T. Kirk 1
5. Jak se jmenuje tenistka, která... Karolína Plíšková 1
-14. Po Středočeském kraji nás v da... Španělský sál 0
-13. Nejnavštěvovanější událostí v... Signal Festival 1
-12. Místem, které rozhodně stojí z... Moja 1
-11. Kterou z následujících soch ne... D 0
-10. Seřaďte následující zahraniční... 1C 2A 3B 4D 0